| 000 | 00556ntaaa2200193 4500 | ||
|---|---|---|---|
| 003 | 01 | ||
| 005 | 20251027200924.0 | ||
| 008 | 0714s1973 ag 01 | ||
| 040 |
_aAR-BaBN _bspa _cAR-BaBN _eaacr _dRIC |
||
| 082 | _a236.1 D38f | ||
| 100 |
_aDelp, Alfred _95940 |
||
| 245 |
_aFrente a la muerte, entre la detención y la ejecución (1944-45) / _cAlfred Delp |
||
| 250 | _a1 ed. | ||
| 260 |
_aMadrd : _bEdiciones Península, _c1966 |
||
| 300 | _a202 p. | ||
| 500 | _aTitulo del original en alemán, "Im Angesicht des Todes" | ||
| 650 | _amuerte | ||
| 942 | _cBK | ||
| 999 |
_c3212 _d3212 |
||